2023年開催G1の2着馬 - Statistics

General Stats
  • This quiz has been taken 27 times
  • The average score is 18 of 24
Answer Stats
競走名 馬名 騎手名 勝ち馬 % Correct
東京優駿(日本ダービー) ソールオリエンス 横山武史 タスティエーラ
96%
皐月賞 タスティエーラ 松山弘平 ソールオリエンス
92%
ジャパンカップ リバティアイランド 川田将雅 イクイノックス
92%
有馬記念 スターズオンアース C.ルメール ドウデュース
92%
高松宮記念 ナムラクレア 浜中俊 ファストフォース
88%
大阪杯 スターズオンアース C.ルメール ジャックドール
83%
宝塚記念 スルーセブンシーズ 池添謙一 イクイノックス
83%
天皇賞(秋) ジャスティンパレス 横山武史 イクイノックス
83%
天皇賞(春) ディープボンド 和田竜二 ジャスティンパレス
79%
菊花賞 タスティエーラ J.モレイラ ドゥレッツァ
79%
桜花賞 コナコースト 鮫島克駿 リバティアイランド
75%
ヴィクトリアマイル ソダシ D.レーン ソングライン
75%
優駿牝馬(オークス) ハーパー C.ルメール リバティアイランド
75%
秋華賞 マスクトディーヴァ 岩田望来 リバティアイランド
75%
マイルチャンピオンシップ ソウルラッシュ J.モレイラ ナミュール
75%
チャンピオンズカップ ウィルソンテソーロ 原優介 レモンポップ
75%
スプリンターズステークス マッドクール 坂井瑠星 ママコチャ
67%
フェブラリーステークス レッドルゼル 川田将雅 レモンポップ
63%
NHKマイルカップ ウンブライル 横山武史 シャンパンカラー
63%
阪神ジュベナイルフィリーズ ステレンボッシュ C.ルメール アスコリピチェーノ
63%
安田記念 セリフォス D.レーン ソングライン
58%
朝日杯フューチュリティステークス エコロヴァルツ 武豊 ジャンタルマンタル
58%
エリザベス女王杯 ルージュエヴァイユ 松山弘平 ブレイディヴェーグ
46%
ホープフルステークス シンエンペラー B.ムルザバエフ レガレイラ
46%
No matching quizzes found
Score Distribution
Percent of People with Each Score
Percentile by Number Answered
Your Score History
You have not taken this quiz